Γραμμική ανάπτυξη και οικιστική διαμόρφωση : η περίπτωση της αστικής ενότητας Πύργου-Αμαλιάδας : πτυχιακή εργασία
Saved in:
| Main Author: | |
|---|---|
| Corporate Author: | |
| Format: | Thesis Book |
| Language: | Greek |
| Published: |
2003.
|
| Subjects: | |
| Tags: |
Add Tag
No Tags, Be the first to tag this record!
|
MARC
| LEADER | 00000cam a2200000 i 4500 | ||
|---|---|---|---|
| 001 | 1/89640 | ||
| 008 | 051122s2003 gr | ||| |||| ||gre|| | ||
| 035 | |l 10081376 | ||
| 040 | |a GR-MUa |b gre |e AACR2 | ||
| 041 | 0 | |a gre | |
| 082 | 7 | |a 307.76 |2 (22) | |
| 100 | 1 | |a Σταθόπουλος, Θεοχάρης. | |
| 245 | 1 | 0 | |a Γραμμική ανάπτυξη και οικιστική διαμόρφωση : |b η περίπτωση της αστικής ενότητας Πύργου-Αμαλιάδας : πτυχιακή εργασία / |c Σταθόπουλος Θεοχάρης ; υπεύθυνος καθηγητής Δελλαδέτσιμας Π. |
| 260 | |c 2003. | ||
| 300 | |a 97 σ. : |b πιν., εικ. ; |c 30 εκ. | ||
| 500 | |a Μέλη εξεταστικής επιτροπής: Δελλαδέτσιμας Π., Ιωσηφίδης Θ., Κουκούλας Σ. | ||
| 502 | |a Πτυχιακή εργασία – Πανεπιστήμιο Αιγαίου, Λέσβος, 2003. | ||
| 650 | 0 | |a City planning |x Environmental aspects. | |
| 650 | 0 | |a Rural-urban relations. | |
| 650 | 0 | |a Urbanization |z Greece |z Eleia. | |
| 650 | 0 | |a Cities and towns |z Greece |z Eleia. | |
| 650 | 0 | |a Dissertations, Academic |z Greece. | |
| 650 | 0 | |a City planning |z Greece |z Eleia. | |
| 700 | 1 | |a Δελλαδέτσιμας, Παύλος Μαρίνος Α. |e dgs | |
| 710 | 2 | |a Πανεπιστήμιο Αιγαίου. |b Σχολή Κοινωνικών Επιστημών. |b Τμήμα Γεωγραφίας. | |
| 852 | |a INST |b LESVOS |c DIATR |e 20051122 |h 151 |p 005100033009 |q 005100033009 |t DIE |y 23 | ||
| 852 | |a INST |b LESVOS |c DIATR |e 20051122 |h 152 |p 005100033010 |q 005100033010 |t DIE |y 23 | ||
| 901 | |a BIBL1-2005-3 | ||
| 924 | |a Σταθόπουλος |b Θεοχάρης |y Λέσβος |z 2003-06 | ||
| 970 | |a ΜΑΡΙΝΑΤΟΥ |b ΜΥΡΣΙΝΗ |z 2005/11/22 | ||